[Event "Championnat de Paris Open Fide"]
[Site "Stade Charléty - 75013 Paris"]
[Date "2015.07.06"]
[Round "3.15"]
[White "Sochacki, Wojtek"]
[Black "Gantner, Ludovic"]
[Result "1-0"]
[WhiteElo "2302"]
[BlackElo "2213"]
[PlyCount "37"]
[EventDate "2015.??.??"]

1. d4 Nf6 2. Nf3 g6 3. g3 Bg7 4. Bg2 O-O 5. O-O d6 6. c4 a6 7. Nc3 Nc6 8. Bf4
Rb8 9. Rc1 Bd7 10. Qd2 Re8 11. d5 Na5 12. b3 c5 13. dxc6 bxc6 14. e4 Ng4 15.
Rfd1 Rb7 16. h3 Ne5 17. Bxe5 dxe5 18. Na4 Qc8 19. Qxa5 1-0

[Event "Championnat de Paris Open Fide"]
[Site "Stade Charléty - 75013 Paris"]
[Date "2015.07.06"]
[Round "3.16"]
[White "Formento, Paolo"]
[Black "Beshukov, Sergei"]
[Result "1/2-1/2"]
[WhiteElo "2246"]
[BlackElo "2398"]
[PlyCount "96"]
[EventDate "2015.??.??"]

1. d4 b6 2. e4 Bb7 3. Bd3 e6 4. Nf3 c5 5. c3 Nf6 6. Qe2 cxd4 7. cxd4 Nc6 8. a3
Be7 9. Nc3 Na5 10. Bf4 d5 11. e5 Nd7 12. h4 a6 13. Rh3 h6 14. h5 b5 15. Rg3 Bf8
16. Nd2 Nc4 17. Nxc4 bxc4 18. Bc2 Qb6 19. Qd2 Bc6 20. Rb1 Qa5 21. Be3 O-O-O 22.
f4 f6 23. Ne2 Qc7 24. Qc3 Nb6 25. Qa5 Kb7 26. b3 cxb3 27. Rxb3 Bb5 28. Nc3 Qc4
29. Nxb5 Qxc2 30. Qc3 Qxc3+ 31. Nxc3 Kc6 32. exf6 gxf6 33. Rg6 Be7 34. g4 Nc4
35. Bc1 Nd6 36. Na4 Nb5 37. Bb2 Bd6 38. f5 Rde8 39. Kf2 exf5 40. gxf5 Re4 41.
Rxf6 Rhe8 42. Nc5 Re2+ 43. Kf1 Re1+ 44. Kf2 R8e2+ 45. Kf3 Rh2 46. a4 Rf1+ 47.
Ke3 Re1+ 48. Kf3 Rf1+ 1/2-1/2

[Event "Championnat de Paris Open Fide"]
[Site "Stade Charléty - 75013 Paris"]
[Date "2015.07.06"]
[Round "3.17"]
[White "Dionisi, Thomas"]
[Black "Glicenstein, Asher"]
[Result "0-1"]
[WhiteElo "2387"]
[BlackElo "2213"]
[PlyCount "74"]
[EventDate "2015.??.??"]

1. e4 c5 2. Nf3 Nc6 3. Bb5 Nf6 4. Bxc6 dxc6 5. d3 Bg4 6. h3 Bh5 7. Nbd2 Nd7 8.
g4 Bg6 9. Nc4 f6 10. Nh4 b5 11. Ne3 Bf7 12. f4 c4 13. dxc4 bxc4 14. Qe2 Nc5 15.
e5 fxe5 16. fxe5 Ne4 17. O-O Qd4 18. Rxf7 Kxf7 19. Qxc4+ Qxc4 20. Nxc4 g6 21.
Be3 Bg7 22. Re1 Rhd8 23. Nf3 Rd5 24. b3 Ke8 25. Kg2 Nc3 26. a4 Na2 27. Bd2 Rb8
28. Be3 Rb7 29. Ng5 Bxe5 30. Bxa7 Bc3 31. Re4 Rxa7 32. Nxh7 g5 33. Ne3 Re5 34.
Kf3 Rxe4 35. Kxe4 Ra5 36. Nf5 Bd2 37. Kd3 Bf4 0-1

[Event "Championnat de Paris Open Fide"]
[Site "Stade Charléty - 75013 Paris"]
[Date "2015.07.07"]
[Round "4.1"]
[White "Sethuraman, SP."]
[Black "Wirig, Anthony"]
[Result "1-0"]
[WhiteElo "2623"]
[BlackElo "2511"]
[PlyCount "95"]
[EventDate "2015.??.??"]

1. d4 Nf6 2. c4 c5 3. Nf3 cxd4 4. Nxd4 Nc6 5. Nc3 Qb6 6. Be3 Nxd4 7. Bxd4 Qc6
8. e3 Ne4 9. Nxe4 Qxe4 10. f3 Qh4+ 11. g3 Qh6 12. Qd2 e6 13. f4 Be7 14. O-O-O
O-O 15. g4 d6 16. Bc3 e5 17. Be2 Qh3 18. Rhg1 Be6 19. Bf1 Qh4 20. f5 Bd7 21.
Kb1 Bc6 22. Bd3 Bf3 23. Rdf1 e4 24. Bc2 Bf6 25. Bxf6 Qxf6 26. Bd1 Qe5 27. Rg3
Rac8 28. Bxf3 exf3 29. Qd3 Rfe8 30. Rfxf3 b5 31. cxb5 Rc5 32. a4 Rec8 33. Qd4
Rc1+ 34. Ka2 Qe7 35. Rf4 Qh4 36. Rf2 R8c4 37. Qxa7 h5 38. b6 Rxg4 39. Rf4 Qxh2
40. b7 Qh1 41. b8=Q+ Kh7 42. Rgxg4 Ra1+ 43. Kb3 Qd1+ 44. Kb4 hxg4 45. Ka5 Rc1
46. Rd4 Qe1+ 47. b4 Rc5+ 48. Qxc5 1-0

[Event "Championnat de Paris Open Fide"]
[Site "Stade Charléty - 75013 Paris"]
[Date "2015.07.07"]
[Round "4.2"]
[White "Battaglini, Gabriel"]
[Black "Roser, Kevin"]
[Result "1-0"]
[WhiteElo "2449"]
[BlackElo "2403"]
[PlyCount "75"]
[EventDate "2015.??.??"]

1. d4 Nf6 2. c4 e6 3. Nc3 Bb4 4. Qc2 c5 5. dxc5 Bxc5 6. Nf3 Qb6 7. e3 Qc7 8.
Be2 a6 9. b3 b6 10. g4 h6 11. Bb2 Bb7 12. Rg1 Nc6 13. a3 O-O-O 14. b4 Be7 15.
O-O-O Rhg8 16. g5 hxg5 17. Nxg5 Rgf8 18. f4 Kb8 19. Kb1 Ne8 20. Rd2 f6 21. Nf3
Nd6 22. Rxg7 Nf5 23. Nd5 Nxb4 24. Qxf5 Nxd5 25. Qd3 Nxf4 26. exf4 Qxf4 27. Qb3
Bc5 28. Rdxd7 Rxd7 29. Rxd7 e5 30. Ka2 Rg8 31. Qd1 Rg2 32. Rxb7+ Kxb7 33. Qd7+
Ka8 34. Nxe5 fxe5 35. Qc6+ Ka7 36. Qxg2 e4 37. Qg7+ Ka8 38. Qe5 1-0

[Event "Championnat de Paris Open Fide"]
[Site "Stade Charléty - 75013 Paris"]
[Date "2015.07.07"]
[Round "4.4"]
[White "Nguyen Chi Minh"]
[Black "Mouhamad, Joachin"]
[Result "0-1"]
[WhiteElo "2343"]
[BlackElo "2207"]
[PlyCount "198"]
[EventDate "2015.??.??"]

1. d4 Nf6 2. c4 g6 3. Nc3 d5 4. Bg5 Ne4 5. Bh4 Nxc3 6. bxc3 dxc4 7. Qa4+ Qd7 8.
Qxc4 b6 9. Bg3 Nc6 10. Nf3 Bg7 11. e4 O-O 12. Be2 Bb7 13. O-O Na5 14. Qd3 c5
15. d5 Rad8 16. Ne5 Qa4 17. c4 Ba6 18. Bd1 Qe8 19. Bb3 f6 20. Nf3 e5 21. Rfe1
Rf7 22. Qc2 Qe7 23. Nd2 Bh6 24. Nf1 Qd6 25. Ne3 Rdf8 26. f3 Re7 27. Ng4 Bg7 28.
Nf2 Rc8 29. a4 Rce8 30. Re2 Bc8 31. Nd3 Bh6 32. Ba2 Rd8 33. Rf1 Nc6 34. Bf2 Rc7
35. f4 exf4 36. Bb1 Ne5 37. Nxe5 fxe5 38. Be1 Bg4 39. Ref2 Rf7 40. Qd3 Rdf8 41.
h3 Bd7 42. Bc2 Bg5 43. Rf3 Bd8 44. g4 Be7 45. Bd1 Qb8 46. Qa3 Qc7 47. Be2 g5
48. Qa1 Rf6 49. Ra3 a5 50. Kg2 Bd6 51. Rb3 Qd8 52. Bc3 Re8 53. Rd1 Bc7 54. Bf3
Qe7 55. Rb2 Qd6 56. Rh1 Rh6 57. Kg1 Kf7 58. Rbh2 Rg8 59. Kf1 Qe7 60. Be1 Qe8
61. Ra2 Rhg6 62. Bd1 Qc8 63. Bc3 Re8 64. Bf3 Rgg8 65. Rd2 Rg6 66. Qd1 Bd6 67.
Rdh2 h6 68. Ke1 Reg8 69. Rb2 Qa6 70. Qb3 Rb8 71. Rbh2 Qc8 72. Kd1 Qe8 73. Ra2
Ke7 74. Kc1 Bc7 75. Kb2 b5 76. axb5 Bxb5 77. Ka1 Bd7 78. Qa3 Bd6 79. Qxa5 Rg8
80. Rhh2 Qc8 81. Qa3 h5 82. Qc1 Rh8 83. Qg1 Kf6 84. h4 hxg4 85. hxg5+ Kxg5 86.
Rxh8 Qxh8 87. Rh2 Ra8+ 88. Kb1 Qg7 89. Qh1 Kg6 90. Bd1 Be7 91. Rg2 Rb8+ 92. Kc1
Rh8 93. Qg1 g3 94. Rb2 Kg5 95. Rb7 Bc8 96. Rc7 Qf6 97. Qg2 Bd6 98. Rc6 Bg4 99.
Ba5 f3 0-1

[Event "Championnat de Paris Open Fide"]
[Site "Stade Charléty - 75013 Paris"]
[Date "2015.07.07"]
[Round "4.5"]
[White "Maleki, Manuel"]
[Black "Shchekachev, Andrei"]
[Result "0-1"]
[WhiteElo "2235"]
[BlackElo "2552"]
[PlyCount "84"]
[EventDate "2015.??.??"]

1. Nf3 c5 2. c4 Nc6 3. d4 cxd4 4. Nxd4 Nf6 5. Nc3 e6 6. g3 Bc5 7. Nb3 Be7 8.
Bg2 b6 9. Nb5 Ba6 10. Bf4 Rc8 11. Nd6+ Bxd6 12. Bxd6 Bxc4 13. Nd2 Ba6 14. Qa4
Na5 15. b4 Bb7 16. f3 Bc6 17. b5 Ba8 18. O-O Nb7 19. Ba3 a5 20. bxa6 Nc5 21.
Bxc5 bxc5 22. e4 O-O 23. e5 Nd5 24. Nc4 Nb6 25. Nxb6 Qxb6 26. Rab1 Qa7 27. Rfd1
c4+ 28. Kh1 c3 29. Rbc1 Rc6 30. Rc2 h6 31. f4 Rxa6 32. Qxd7 Bxg2+ 33. Kxg2 Qa8+
34. Kh3 Rxa2 35. Qd3 Rxc2 36. Qxc2 Rc8 37. Rd3 Qc6 38. Rd6 Qf3 39. Rd1 g5 40.
Rd3 Qxd3 41. Qxd3 c2 42. fxg5 hxg5 0-1

[Event "Championnat de Paris Open Fide"]
[Site "Stade Charléty - 75013 Paris"]
[Date "2015.07.07"]
[Round "4.6"]
[White "Renet, Olivier"]
[Black "Aranovitch, Emiliano"]
[Result "1-0"]
[WhiteElo "2512"]
[BlackElo "2347"]
[PlyCount "59"]
[EventDate "2015.??.??"]
[TimeControl "5430"]

1. e4 c5 2. Nf3 d6 3. d4 cxd4 4. Nxd4 Nf6 5. Nc3 Nc6 6. Bg5 e6 7. Qd2 Be7 8.
O-O-O Nxd4 9. Qxd4 O-O 10. f4 Qa5 11. Bc4 Rd8 12. Rhf1 a6 13. Bb3 b5 14. e5
dxe5 15. Qxe5 h6 16. Bh4 Bb7 17. f5 Ng4 18. Qg3 Bxh4 19. Qxg4 Bg5+ 20. Kb1
Rxd1+ 21. Rxd1 b4 22. fxe6 bxc3 23. exf7+ Kf8 24. Re1 cxb2 25. Qe6 Qd8 26. Qg6
Be3 27. Qh7 Qd2 28. Qg8+ Ke7 29. f8=Q+ Rxf8 30. Qxg7+ 1-0

[Event "Championnat de Paris Open Fide"]
[Site "Stade Charléty - 75013 Paris"]
[Date "2015.07.07"]
[Round "4.7"]
[White "Legky, Nikolay A"]
[Black "Eden, James"]
[Result "1-0"]
[WhiteElo "2420"]
[BlackElo "2272"]
[PlyCount "115"]
[EventDate "2015.??.??"]

1. d4 d5 2. c4 c6 3. Nc3 Nf6 4. cxd5 cxd5 5. Bf4 Nc6 6. e3 Bf5 7. Nf3 e6 8. Qb3
Qb6 9. Qxb6 axb6 10. Rc1 Be7 11. Bb5 O-O 12. Bc7 Nd7 13. h3 Rfc8 14. Bg3 h6 15.
Ke2 Nf6 16. Nd2 Na7 17. Bd3 Bxd3+ 18. Kxd3 Rc6 19. Rc2 Rac8 20. Rhc1 b5 21. f3
Nd7 22. Nb3 b4 23. Nd1 Kf8 24. Na5 Rxc2 25. Rxc2 Rxc2 26. Kxc2 b6 27. Nb7 b5
28. Bc7 f6 29. Nf2 e5 30. Na5 Kf7 31. Nd3 exd4 32. exd4 Nf8 33. Bb8 Nc8 34. Nc6
Ne6 35. Nf4 Nxf4 36. Bxf4 Ke6 37. Bd2 Kf5 38. Nxb4 Nb6 39. b3 Bxb4 40. g4+ Kg6
41. Bxb4 Kg5 42. Kd3 Nd7 43. Be1 Kf4 44. Ke2 Nb8 45. Kf2 Kg5 46. a4 bxa4 47.
bxa4 Nc6 48. Ke3 h5 49. gxh5 Kxh5 50. a5 g5 51. a6 f5 52. Kf2 Na7 53. Ba5 Kh4
54. Bd8 f4 55. Kg2 Nc8 56. Be7 Na7 57. Bc5 Nb5 58. Bb6 1-0

[Event "Championnat de Paris Open Fide"]
[Site "Stade Charléty - 75013 Paris"]
[Date "2015.07.07"]
[Round "4.8"]
[White "Valles, Manuel"]
[Black "Sochacki, Wojtek"]
[Result "1-0"]
[WhiteElo "2350"]
[BlackElo "2302"]
[PlyCount "34"]
[EventDate "2015.??.??"]
[TimeControl "5430"]

1. d4 Nf6 2. c4 g6 3. f3 d5 4. cxd5 Nxd5 5. e4 Nb6 6. Nc3 Bg7 7. Be3 O-O 8. Qd2
Nc6 9. O-O-O Qd6 10. Kb1 Rd8 11. Nb5 Qd7 12. d5 Ne5 13. Qc1 c6 14. Nxa7 Na4 15.
b3 cxd5 16. Bb5 Nb6 17. Bf1 Na4 1-0

[Event "Championnat de Paris Open Fide"]
[Site "Stade Charléty - 75013 Paris"]
[Date "2015.07.07"]
[Round "4.9"]
[White "Philippe, Guillaume"]
[Black "Le Ruyet, Leopold"]
[Result "1-0"]
[WhiteElo "2309"]
[BlackElo "2238"]
[PlyCount "41"]
[EventDate "2015.??.??"]

1. e4 e5 2. Nc3 Nf6 3. g3 d5 4. exd5 Nxd5 5. Bg2 Nxc3 6. bxc3 Bc5 7. d3 O-O 8.
Nf3 e4 9. Ne5 exd3 10. cxd3 Qe7 11. d4 f6 12. O-O fxe5 13. dxc5 Nc6 14. Rb1 Be6
15. Rxb7 Qxc5 16. Rxc7 Rac8 17. Be3 Qxc3 18. Rxc8 Rxc8 19. Qd6 Nd8 20. Qe7 Bf7
21. Bd5 1-0

[Event "Championnat de Paris Open Fide"]
[Site "Stade Charléty - 75013 Paris"]
[Date "2015.07.07"]
[Round "4.10"]
[White "Alfred, Nathan"]
[Black "Onkoud, Abdelaziz"]
[Result "1-0"]
[WhiteElo "2276"]
[BlackElo "2308"]
[PlyCount "65"]
[EventDate "2015.??.??"]

1. e4 d6 2. d4 Nf6 3. Nc3 c6 4. g3 Qa5 5. Bg2 e5 6. Nge2 Be7 7. O-O O-O 8. h3
Re8 9. d5 cxd5 10. exd5 b5 11. a3 a6 12. Be3 Nbd7 13. Qd2 Bb7 14. g4 Qc7 15. g5
Nh5 16. Bf3 Nf4 17. Nxf4 exf4 18. Bxf4 Nb6 19. Qd3 Nc4 20. b3 Nb2 21. Qd4 Rac8
22. Ne4 Qxc2 23. Bg4 Rcd8 24. Ra2 Qd3 25. Rd1 Qxb3 26. Rxb2 Qxa3 27. Re2 Bf8
28. Bc1 Qb3 29. Re3 Qc2 30. Bf5 Qc7 31. Nf6+ gxf6 32. Qh4 h6 33. Rg3 1-0

[Event "Championnat de Paris Open Fide"]
[Site "Stade Charléty - 75013 Paris"]
[Date "2015.07.07"]
[Round "4.11"]
[White "Van Dongen, Patrick"]
[Black "Micottis, Dorian"]
[Result "1-0"]
[WhiteElo "2304"]
[BlackElo "2235"]
[PlyCount "137"]
[EventDate "2015.??.??"]

1. Nf3 Nf6 2. d4 g6 3. c4 Bg7 4. Nc3 d5 5. Bg5 Ne4 6. cxd5 Nxg5 7. Nxg5 e6 8.
Nf3 exd5 9. e3 O-O 10. b4 c6 11. Rc1 Qd6 12. Qb3 Be6 13. Be2 h6 14. O-O b6 15.
Rfd1 Nd7 16. b5 c5 17. dxc5 Nxc5 18. Qb4 Rfd8 19. Nd4 Rac8 20. Bf3 Rd7 21. Nc6
a5 22. Qh4 g5 23. Qh5 Bxc3 24. Rxc3 Qf8 25. Nd4 Qg7 26. Rcc1 Rcd8 27. h4 Rd6
28. hxg5 hxg5 29. Nxe6 fxe6 30. Rd4 e5 31. Rg4 Rg6 32. Rd1 Ne6 33. Bxd5 Kf8 34.
Rc4 Nc5 35. Rcc1 Ke7 36. g3 Rh6 37. Qg4 Rhd6 38. Bg2 Qf6 39. Rxd6 Rxd6 40. Rd1
Nd3 41. Qe2 Qg6 42. Qg4 Qf6 43. Rd2 Rd8 44. Bc6 Nc5 45. Rxd8 Kxd8 46. Qc4 Qg7
47. Kg2 Kc7 48. Bf3 Qd7 49. Bc6 Qg7 50. Qg4 Qf6 51. Qh5 Kd6 52. Qe8 Kc7 53. Qa8
Qd8 54. Qa7+ Kd6 55. Qh7 Qf6 56. Qg8 Kc7 57. Bd5 Qe7 58. Qa8 Qd6 59. Qa7+ Kd8
60. Bc6 Qc7 61. Qa8+ Qc8 62. Qxc8+ Kxc8 63. Kf3 Nd3 64. Be4 Nc1 65. a3 Kd7 66.
Kg4 Kd6 67. Kxg5 Ke6 68. Bc6 e4 69. Bxe4 1-0

[Event "Championnat de Paris Open Fide"]
[Site "Stade Charléty - 75013 Paris"]
[Date "2015.07.07"]
[Round "4.12"]
[White "Veys, Vincent"]
[Black "Samoun, Florent"]
[Result "1-0"]
[WhiteElo "2375"]
[BlackElo "2244"]
[PlyCount "105"]
[EventDate "2015.??.??"]

1. e4 e6 2. d4 d5 3. Nd2 Nf6 4. e5 Nfd7 5. Bd3 c5 6. c3 Nc6 7. Ne2 cxd4 8. cxd4
f6 9. exf6 Nxf6 10. O-O Bd6 11. Nf3 Qc7 12. Bg5 O-O 13. Rc1 Bd7 14. Nc3 a6 15.
Bh4 Be8 16. Qe2 Bh5 17. Qxe6+ Kh8 18. Bxf6 Rxf6 19. Nxd5 Rxe6 20. Nxc7 Bxc7 21.
d5 Rh6 22. dxc6 Bxf3 23. gxf3 bxc6 24. h3 Be5 25. b3 Rd6 26. Be4 Rc8 27. Rfd1
c5 28. Rxd6 Bxd6 29. Bb7 Rb8 30. Rd1 Be7 31. Bxa6 g6 32. Rd7 Bh4 33. Bb7 Rd8
34. Rxd8+ Bxd8 35. Kf1 Kg7 36. Ke2 Kf6 37. Kd3 Ke5 38. Kc4 Kd6 39. Be4 Bh4 40.
a4 Bxf2 41. a5 Kc7 42. Kd5 Kb7 43. Bd3 g5 44. Ke4 h5 45. Kf5 Be3 46. f4 gxf4
47. Kg5 f3+ 48. Kxh5 Kc7 49. Kg6 Kd6 50. h4 f2 51. h5 Ke7 52. Bc4 Bf4 53. h6
1-0

[Event "Championnat de Paris Open Fide"]
[Site "Stade Charléty - 75013 Paris"]
[Date "2015.07.07"]
[Round "4.13"]
[White "Glicenstein, Asher"]
[Black "Picard, Romain"]
[Result "1/2-1/2"]
[WhiteElo "2213"]
[BlackElo "2350"]
[PlyCount "70"]
[EventDate "2015.??.??"]

1. d4 Nf6 2. c4 c5 3. d5 b5 4. cxb5 a6 5. b6 d6 6. Nc3 Nbd7 7. e4 Rb8 8. Nf3 g6
9. Be2 Bg7 10. O-O O-O 11. Nd2 Nxb6 12. a4 Ne8 13. a5 Nd7 14. Nc4 Nc7 15. Na4
Nb5 16. Bd2 Kh8 17. Rb1 f5 18. exf5 Rxf5 19. Ne3 Rf7 20. b4 Nd4 21. Bc4 Ne5 22.
Ba2 Bd7 23. Nb6 Bb5 24. Nbc4 Nd3 25. bxc5 Nxc5 26. Kh1 Na4 27. Rb4 Qe8 28. f3
Rf8 29. Rf2 Rc8 30. Rb1 Kg8 31. Qe1 Qf7 32. Qc1 Rc7 33. Qa3 Rb8 34. Rbf1 Qe8
35. Re1 Rbc8 {suite illisible} 1/2-1/2

[Event "Championnat de Paris Open Fide"]
[Site "Stade Charléty - 75013 Paris"]
[Date "2015.07.07"]
[Round "4.14"]
[White "Pruvot, Louis"]
[Black "Payen, Arnaud"]
[Result "0-1"]
[WhiteElo "2213"]
[BlackElo "2329"]
[PlyCount "42"]
[EventDate "2015.??.??"]

1. d4 d5 2. c4 dxc4 3. Nf3 Nf6 4. e3 e6 5. Bxc4 c5 6. Qe2 cxd4 7. exd4 Be7 8.
O-O Nc6 9. Rd1 O-O 10. Nc3 Na5 11. Bd3 b6 12. Bg5 Bb7 13. Rac1 Rc8 14. Bb1 Nc4
15. Ne5 Nd6 16. Qd3 g6 17. b4 Nd5 18. Bxe7 Qxe7 19. Nxd5 Bxd5 20. b5 Rxc1 21.
Rxc1 Qg5 0-1

[Event "Championnat de Paris Open Fide"]
[Site "Stade Charléty - 75013 Paris"]
[Date "2015.07.07"]
[Round "4.15"]
[White "Louis, Thibault"]
[Black "Rabeyrin, Jean Jacques"]
[Result "1/2-1/2"]
[WhiteElo "2250"]
[BlackElo "2219"]
[PlyCount "70"]
[EventDate "2015.??.??"]

1. e4 c5 2. Nf3 d6 3. Bb5+ Bd7 4. Bxd7+ Nxd7 5. O-O Ngf6 6. Re1 g6 7. c3 Bg7 8.
d4 cxd4 9. cxd4 e5 10. Nc3 O-O 11. h3 Re8 12. Be3 a6 13. Qb3 b5 14. a4 Rb8 15.
axb5 axb5 16. dxe5 Nxe5 17. Nxe5 Rxe5 18. Ra7 Qe8 19. Bd4 Re6 20. Qb4 Qc6 21.
Qa5 Nxe4 22. Bxg7 Kxg7 23. Rc7 Qe8 24. Qa7 Ra8 25. Qd4+ Nf6 26. Rxe6 Qxe6 27.
Nxb5 Kg8 28. Rc6 Qe1+ 29. Kh2 Ne4 30. Nxd6 Nd2 31. Nxf7 Nf1+ 32. Kg1 Ng3+ 33.
Kh2 Nf1+ 34. Kg1 Ng3+ 35. Kh2 Nf1+ 1/2-1/2

[Event "Championnat de Paris Open Fide"]
[Site "Stade Charléty - 75013 Paris"]
[Date "2015.07.07"]
[Round "4.17"]
[White "Gantner, Ludovic"]
[Black "Formento, Paolo"]
[Result "1/2-1/2"]
[WhiteElo "2213"]
[BlackElo "2246"]
[PlyCount "278"]
[EventDate "2015.??.??"]

1. e4 e6 2. d3 d5 3. Nd2 Nf6 4. Ngf3 Nc6 5. Be2 Bc5 6. O-O O-O 7. c3 a5 8. Qc2
dxe4 9. dxe4 e5 10. Bb5 Qe7 11. h3 Ne8 12. Nc4 Nd6 13. Bxc6 Nxc4 14. Bd5 Nb6
15. Bg5 Qe8 16. a3 a4 17. Rad1 c6 18. Ba2 Be6 19. Bxe6 Qxe6 20. Nh4 f6 21. Bc1
g6 22. Rd3 Qc4 23. Rg3 Kh8 24. Bh6 Rfd8 25. Re1 Rd7 26. Qc1 Qf7 27. Be3 Bxe3
28. Qxe3 Nc4 29. Qh6 Rg8 30. Re2 g5 31. Nf5 Qg6 32. Qxg6 hxg6 33. Ne3 b5 34.
Nxc4 Rd1+ 35. Kh2 bxc4 36. Rge3 Rgd8 37. Rc2 Kg7 38. Ree2 R8d3 39. g3 Kf7 40.
Kg2 Ke6 41. f3 Rd8 42. g4 R8d3 43. Rf2 Ke7 44. Rfe2 Ke6 45. Rf2 Kf7 46. Rce2
Ke8 47. Rc2 Kd7 48. Rfe2 Kc8 49. Rf2 Kc7 50. Rfe2 Kb8 51. Rf2 Kb7 52. Rfe2 Ka8
53. Rf2 Kb8 54. Rfe2 Ka7 55. Rf2 Kb6 56. Rfe2 Kc5 57. Rf2 Rd8 58. Rfe2 R1d3 59.
Rf2 Kb6 60. Rce2 R8d7 61. Rc2 Kc7 62. Rce2 Kd8 63. Rc2 Ke7 64. Rce2 Ke6 65. Kg3
Rd1 66. Kg2 Rd8 67. Rc2 Kf7 68. Rce2 Kf8 69. Rc2 Kg7 70. Rce2 Kg8 71. Rc2 Kh7
72. Rce2 Kh8 73. Rc2 Kg8 74. Rce2 R8d7 75. Rc2 Kg7 76. Rce2 Kf8 77. Rc2 Kf7 78.
Rce2 Ke6 79. Rc2 R1d6 80. Rce2 Rd3 81. Rc2 c5 82. Rce2 Kf7 83. Rc2 Kg7 84. Rce2
Kh6 85. Rc2 Kh7 86. Rce2 Kh8 87. Rc2 Kg7 88. Rce2 Kg8 89. Rc2 Kf7 90. Rce2 Kf8
91. Rc2 Ke7 92. Rce2 Ke8 93. Rc2 Ke7 94. Rce2 Kd8 95. Rc2 Kc8 96. Rce2 Kc7 97.
Rc2 Kc8 98. Rce2 Kb8 99. Rc2 Kc7 100. Rce2 Kb7 101. Rc2 Kb8 102. Rce2 Ka8 103.
Rc2 Kb7 104. Rce2 Ka7 105. Rc2 Ka6 106. Rce2 Kb6 107. Rc2 Kc6 108. Rce2 R7d6
109. Rc2 Kc7 110. Rce2 Kd8 111. Rc2 Ke8 112. Rce2 Kf8 113. Rc2 Kg7 114. Rce2
Kg8 115. Rc2 Kf7 116. Rce2 Ke6 117. Rc2 Re3 118. Rfe2 Red3 119. Rf2 Rd7 120.
Rce2 Rh7 121. Rd2 Rh8 122. Kg3 Rh4 123. Rde2 f5 124. Re1 f4+ 125. Kg2 Rh7 126.
Ree2 Rd8 127. Re1 Rdh8 128. Rh1 Rd7 129. Re1 Rhd8 130. Ree2 Rd3 131. Rc2 Re3
132. Rcd2 Rdd3 133. Rc2 Ke7 134. Rce2 Ke6 135. Rc2 Re1 136. Rcd2 Rc1 137. Rfe2
Re1 138. Kf2 Rc1 139. Kg2 Re1 1/2-1/2

[Event "Championnat de Paris Open Fide"]
[Site "Stade Charléty - 75013 Paris"]
[Date "2015.07.08"]
[Round "5.1"]
[White "Battaglini, Gabriel"]
[Black "Sethuraman, SP."]
[Result "0-1"]
[WhiteElo "2449"]
[BlackElo "2623"]
[PlyCount "26"]
[EventDate "2015.??.??"]

1. d4 d6 2. e4 g6 3. f4 Bg7 4. Nf3 c5 5. d5 Nf6 6. Nc3 O-O 7. a4 e6 8. Be2 exd5
9. exd5 Na6 10. Na2 Qa5+ 11. Bd2 Qxa4 12. Nc3 Qd7 13. O-O Nc7 0-1

[Event "Championnat de Paris Open Fide"]
[Site "Stade Charléty - 75013 Paris"]
[Date "2015.07.08"]
[Round "5.2"]
[White "Mouhamad, Joachin"]
[Black "Basso, Pier Luigi"]
[Result "0-1"]
[WhiteElo "2207"]
[BlackElo "2439"]
[PlyCount "110"]
[EventDate "2015.??.??"]

1. e4 e5 2. Nf3 Nc6 3. Bc4 Bc5 4. c3 Nf6 5. d4 exd4 6. cxd4 Bb4+ 7. Bd2 Nxe4 8.
Bxb4 Nxb4 9. Bxf7+ Kxf7 10. Qb3+ d5 11. Qxb4 Rf8 12. O-O Kg8 13. Nbd2 a5 14.
Qb3 Nxd2 15. Nxd2 a4 16. Qg3 Ra6 17. Rfe1 Raf6 18. Rac1 c6 19. Re5 Rf4 20. Rce1
Rxd4 21. Re7 Rg4 22. Qe5 Qb6 23. Nf3 Rg6 24. Re8 Rgf6 25. Rxf8+ Rxf8 26. Qc3
Qd8 27. Qb4 Qf6 28. Re2 Qf4 29. Qc3 Qd6 30. Qd4 Qg6 31. Ne1 Re8 32. Rxe8+ Qxe8
33. Nd3 Bf5 34. Ne5 h6 35. h3 Qe7 36. f4 a3 37. b4 Be4 38. Kh2 Kh7 39. Qc3 Qf8
40. Kg3 Qa8 41. Nd7 Qe8 42. Ne5 Qa8 43. Nd7 Qe8 44. Ne5 Qh5 45. Ng4 d4 46. Qxa3
Qd5 47. Qb2 h5 48. Ne5 d3 49. Qd2 Kg8 50. a4 b6 51. a5 bxa5 52. bxa5 c5 53. Kh2
c4 54. Qb4 d2 55. Qe7 d1=Q 0-1

[Event "Championnat de Paris Open Fide"]
[Site "Stade Charléty - 75013 Paris"]
[Date "2015.07.08"]
[Round "5.3"]
[White "Shchekachev, Andrei"]
[Black "Renet, Olivier"]
[Result "0-1"]
[WhiteElo "2552"]
[BlackElo "2512"]
[PlyCount "120"]
[EventDate "2015.??.??"]

1. Nf3 Nf6 2. c4 e6 3. Nc3 Bb4 4. Qc2 c5 5. a3 Ba5 6. g4 O-O 7. g5 Ne8 8. Ne4
d5 9. Nxc5 Nd6 10. cxd5 exd5 11. b4 Bb6 12. d3 a5 13. Bb2 axb4 14. axb4 Rxa1+
15. Bxa1 Nc6 16. Qb2 Ne8 17. Na4 Bc7 18. b5 Ba5+ 19. Kd1 Ne7 20. h4 f6 21. Rg1
Qd6 22. Qb3 fxg5 23. Rxg5 Rf4 24. Be5 Qb4 25. Qxb4 Rxb4 26. Nc3 Ng6 27. Bg2 Bd8
28. Rg3 Nxe5 29. Nxe5 d4 30. Ne4 Bxh4 31. Rf3 Rxb5 32. Nc4 Rf5 33. Rxf5 Bxf5
34. Ned6 Nxd6 35. Nxd6 Be6 36. Ke1 b6 37. Nb5 Bf6 38. Bc6 Kf8 39. e3 dxe3 40.
fxe3 Ke7 41. d4 Bd7 42. Bxd7 Kxd7 43. e4 g5 44. Kf2 h5 45. Kf3 g4+ 46. Kf4 Bg7
47. d5 Bh6+ 48. Kg3 Bg7 49. Kf4 Bc3 50. e5 Bxe5+ 51. Kxe5 g3 52. Nd4 b5 53. Ne2
h4 54. Kd4 g2 55. Ke3 h3 56. Kf2 b4 57. Kg3 b3 58. Kh2 b2 59. Nc3 Kd6 60. Kg1
Ke5 0-1

[Event "Championnat de Paris Open Fide"]
[Site "Stade Charléty - 75013 Paris"]
[Date "2015.07.08"]
[Round "5.4"]
[White "Wirig, Anthony"]
[Black "Philippe, Guillaume"]
[Result "1-0"]
[WhiteElo "2511"]
[BlackElo "2309"]
[PlyCount "95"]
[EventDate "2015.??.??"]

1. e4 c5 2. b3 g6 3. Bb2 Nf6 4. e5 Nd5 5. Qf3 e6 6. h4 Bg7 7. h5 Nc6 8. Qg3 d6
9. Bb5 Bd7 10. Bxc6 Bxc6 11. Nf3 Nb4 12. h6 Bf8 13. Na3 d5 14. Kf1 d4 15. Kg1
Be7 16. Nh2 b5 17. Ng4 a6 18. c3 dxc3 19. dxc3 Nd5 20. Rd1 Qa5 21. c4 Nb6 22.
Qf4 O-O 23. Rh3 b4 24. Rc1 Nd7 25. Nc2 Qc7 26. Qe3 a5 27. a4 Rad8 28. Ne1 Qb7
29. f3 Nb8 30. Nd3 Qb6 31. Ndf2 Bb7 32. Rd1 Rxd1+ 33. Nxd1 Nc6 34. Ndf2 Nd4 35.
Bxd4 cxd4 36. Qf4 Qd8 37. Nd3 Bg5 38. Nf6+ Qxf6 39. Qxf6 Bxf6 40. exf6 Rd8 41.
Kf2 e5 42. Nxe5 Rd6 43. Rh4 d3 44. Rh1 Rxf6 45. Rd1 g5 46. Rxd3 Rxh6 47. Rd8+
Kg7 48. Rd7 1-0

[Event "Championnat de Paris Open Fide"]
[Site "Stade Charléty - 75013 Paris"]
[Date "2015.07.08"]
[Round "5.5"]
[White "Van Dongen, Patrick"]
[Black "Legky, Nikolay A"]
[Result "1/2-1/2"]
[WhiteElo "2304"]
[BlackElo "2420"]
[PlyCount "65"]
[EventDate "2015.??.??"]

1. d4 Nf6 2. Nf3 e6 3. c4 c5 4. Nc3 cxd4 5. Nxd4 b6 6. Ndb5 a6 7. Nd6+ Bxd6 8.
Qxd6 Nc6 9. g3 Bb7 10. Bg2 Na5 11. Bxb7 Nxb7 12. Qb4 Nc5 13. Bf4 e5 14. Bg5 O-O
15. O-O Rb8 16. Rad1 h6 17. Bxf6 Qxf6 18. Rd5 Rfc8 19. Rfd1 Rc6 20. b3 Qf5 21.
Na4 Ne6 22. Qe7 b5 23. Nb2 Qe4 24. Nd3 Ng5 25. Qxd7 Re6 26. h4 Qxe2 27. Nxe5
Nh3+ 28. Kg2 Rxe5 29. Rxe5 Qxe5 30. Kxh3 bxc4 31. bxc4 Rb2 32. Rd2 Rxd2 33.
Qxd2 1/2-1/2

[Event "Championnat de Paris Open Fide"]
[Site "Stade Charléty - 75013 Paris"]
[Date "2015.07.08"]
[Round "5.6"]
[White "Roser, Kevin"]
[Black "Alfred, Nathan"]
[Result "1-0"]
[WhiteElo "2403"]
[BlackElo "2276"]
[PlyCount "59"]
[EventDate "2015.??.??"]

1. e4 e6 2. d4 d5 3. Nc3 Nf6 4. e5 Nfd7 5. f4 c5 6. Nf3 Nc6 7. Be3 Be7 8. Qd2
O-O 9. dxc5 Bxc5 10. O-O-O Bb4 11. a3 Be7 12. Bd3 a6 13. h4 b5 14. Qe2 h6 15.
g4 b4 16. axb4 Nxb4 17. Nd4 Nc5 18. g5 Qa5 19. gxh6 Ncxd3+ 20. Rxd3 Qa1+ 21.
Nb1 Na2+ 22. Kd2 Bb4+ 23. c3 Qxb2+ 24. Nc2 Bxc3+ 25. Nxc3 Nb4 26. Rc1 Nxd3 27.
Qxd3 d4 28. Bxd4 Qb7 29. Rg1 g6 30. h5 1-0